Detalles MARC
| 000 -LEADER |
| fixed length control field |
01017nam a22003017a 4500 |
| 001 - CONTROL NUMBER |
| control field |
000374 |
| 003 - CONTROL NUMBER IDENTIFIER |
| control field |
DO-SdBNP |
| 005 - DATE AND TIME OF LATEST TRANSACTION |
| control field |
20171205105606.0 |
| 007 - PHYSICAL DESCRIPTION FIXED FIELD--GENERAL INFORMATION |
| fixed length control field |
000374 |
| 008 - FIXED-LENGTH DATA ELEMENTS--GENERAL INFORMATION |
| fixed length control field |
160707b 1975 sp ||||| |||| 00| 0 spa d |
| 020 ## - INTERNATIONAL STANDARD BOOK NUMBER |
| International Standard Book Number |
8422601761 |
| 040 ## - CATALOGING SOURCE |
| Original cataloging agency |
BPMSU |
| Language of cataloging |
spa |
| Transcribing agency |
BPMSU |
| 092 ## - LOCALLY ASSIGNED DEWEY CALL NUMBER (OCLC) |
| Classification number |
843. 8 |
| Item number |
V531isl |
| 100 1# - MAIN ENTRY--PERSONAL NAME |
| Personal name |
Verne, Jules, |
| Dates associated with a name |
1828-1905. |
| 240 10 - UNIFORM TITLE |
| Uniform title |
<a href="L'île mystérieuse.">L'île mystérieuse.</a> |
| Language of a work |
Español |
| 245 10 - TITLE STATEMENT |
| Title |
La isla misteriosa / |
| Statement of responsibility, etc. |
Julio Verne ; ilustraciones de Ballestar ; traducción, Genoveva Bernard de Ferrer. |
| 260 ## - PUBLICATION, DISTRIBUTION, ETC. (IMPRINT) |
| Place of publication, distribution, etc. |
[Barcelona] : |
| Name of publisher, distributor, etc. |
Círculo de Lectores, |
| Date of publication, distribution, etc. |
1975. |
| 300 ## - PHYSICAL DESCRIPTION |
| Extent |
236 p., 2 h. : |
| Other physical details |
il. ; |
| Dimensions |
21 cm. |
| 501 ## - WITH NOTE |
| With note |
Incluye datos biográficos del autor. |
| 650 #4 - SUBJECT ADDED ENTRY--TOPICAL TERM |
| Topical term or geographic name as entry element |
NOVELA FRANCESA |
| 650 #4 - SUBJECT ADDED ENTRY--TOPICAL TERM |
| Topical term or geographic name as entry element |
LITERATURA FRANCESA |
| 700 12 - ADDED ENTRY--PERSONAL NAME |
| Personal name |
Ballestar, Vicente B., |
| Dates associated with a name |
1929- |
| Relator term |
il. |
| 700 12 - ADDED ENTRY--PERSONAL NAME |
| Personal name |
Bernard de Ferrer, Genoveva, |
| Dates associated with a name |
tr. |
| 910 ## - USER-OPTION DATA (OCLC) |
| User-option data |
Validado. Control de calidad MFF |
| 942 ## - ADDED ENTRY ELEMENTS (KOHA) |
| Source of classification or shelving scheme |
Dewey Decimal Classification |
| Koha item type |
Libros |
| 945 ## - LOCAL PROCESSING INFORMATION (OCLC) |
| a |
Inventariado extranjero / 2017 VM |
| 956 ## - LOCAL ELECTRONIC LOCATION AND ACCESS (OCLC) |
| Access method |
LOPEREZ |
| Materials specified |
10 |
| Linkage |
20160707 |
| Field link and sequence number |
BPMSU |
| Host name |
00041 |